[Event "Titled Tuesday intern op 11th Jul Early"]
[Site "Chess.com INT"]
[Date "2023.07.11"]
[Round "2"]
[White "Baruch, Liam"]
[Black "Disconzi da Silva, Rodrigo"]
[Result "1-0"]
[WhiteElo "1718"]
[BlackElo "2333"]
[PlyCount "137"]
[EventDate "2023.07.11"]
[EventType "swiss (blitz)"]
[EventRounds "11"]
[EventCountry "USA"]
[SourceTitle "EXT 2024"]
[Source "ChessBase"]
[SourceDate "2023.10.10"]
[SourceVersion "1"]
[SourceVersionDate "2023.10.10"]
[SourceQuality "1"]

1. e4 c5 2. Nf3 e6 3. d4 cxd4 4. Nxd4 a6 5. Nc3 Qc7 6. Be2 Nf6 7. 0-0 Bb4 8. Qd3 Nc6 9. Nxc6 dxc6 10. Bg5 h6 11. Bxf6 gxf6 12. Qf3 Qe5 13. Rad1 Bd7 14. Rd3 0-0-0 15. a3 Bd6 16. g3 Bc7 17. Qe3 h5 18. f4 Qa5 19. Kh1 h4 20. g4 c5 21. b4 cxb4 22. axb4 Qb6 23. Qxb6 Bxb6 24. Bf3 Bc6 25. Rfd1 Bc7 26. Ne2 f5 27. gxf5 exf5 28. Rxd8+ Rxd8 29. Rxd8+ Kxd8 30. Nc3 Bxf4 31. Kg2 h3+ 32. Kxh3 Be5 33. Nd5 fxe4 34. Bxe4 f5 35. Bf3 Bb5 36. Kg2 Bd6 37. Ne3 Bd7 38. h4 f4 39. Nd5 Be6 40. h5 Bf5 41. c4 b5 42. c5 Bf8 43. Nxf4 Bg7 44. Ng6 Bc3 45. Nh4 Bh7 46. Bg4 Bxb4 47. c6 Kc7 48. Bf5 Bg8 49. Ng6 Bc3 50. h6 Kxc6 51. Ne7+ Kd6 52. Nxg8 Ke5 53. Bg4 Kf4 54. Be2 b4 55. h7 b3 56. Bd3 Ke3 57. Bb1 a5 58. Ne7 a4 59. Nd5+ Kd2 60. Nxc3 a3 61. h8Q a2 62. Qd4+ Kc1 63. Bxa2 Kb2 64. Na4+ Ka3 65. Qb2+ Kb4 66. Qxb3+ Ka5 67. Qb6+ Kxa4 68. Qb3+ Ka5 69. Bb1 1-0

[Event "Titled Tuesday intern op 04th Jul Early"]
[Site "Chess.com INT"]
[Date "2023.07.04"]
[Round "7"]
[White "Disconzi da Silva, Rodrigo"]
[Black "Amilal, Munkhdalai"]
[Result "0-1"]
[WhiteElo "2333"]
[BlackElo "2437"]
[PlyCount "96"]
[EventDate "2023.07.04"]
[EventType "swiss (blitz)"]
[EventRounds "11"]
[EventCountry "USA"]
[SourceTitle "EXT 2024"]
[Source "ChessBase"]
[SourceDate "2023.10.10"]
[SourceVersion "1"]
[SourceVersionDate "2023.10.10"]
[SourceQuality "1"]

1. d4 Nf6 2. c4 e6 3. Nc3 Bb4 4. Nf3 b6 5. Bg5 Bb7 6. Nd2 h6 7. Bh4 c5 8. d5 Bxc3 9. bxc3 exd5 10. cxd5 g5 11. Bg3 Bxd5 12. Bd6 Nc6 13. Qc2 Ne7 14. e4 Be6 15. h4 Nc8 16. Be5 d6 17. Bb5+ Kf8 18. Bg3 Kg7 19. 0-0-0 a6 20. Bc4 Nh5 21. Bxe6 Nxg3 22. fxg3 fxe6 23. Nc4 Qe7 24. Qd2 Rd8 25. hxg5 Qxg5 26. Qxg5+ hxg5 27. Rh5 b5 28. Ne3 Ne7 29. Rxg5+ Ng6 30. Nf5+ Kf6 31. Rxg6+ Kxg6 32. Nxd6 e5 33. Rd5 Rd7 34. g4 Rad8 35. Nf5 Rxd5 36. exd5 Kg5 37. Ne3 Kf4 38. Kd2 e4 39. g3+ Kxg3 40. g5 Kf4 41. g6 Rg8 42. d6 Rxg6 43. Nd5+ Ke5 44. d7 Rd6 45. c4 bxc4 46. Kc3 Rxd5 47. d8Q Rxd8 48. Kxc4 e3 0-1

[Event "Titled Tuesday intern op 04th Jul Early"]
[Site "Chess.com INT"]
[Date "2023.07.04"]
[Round "3"]
[White "Disconzi da Silva, Rodrigo"]
[Black "Cueto, Jose"]
[Result "1-0"]
[WhiteElo "2333"]
[BlackElo "2117"]
[PlyCount "41"]
[EventDate "2023.07.04"]
[EventType "swiss (blitz)"]
[EventRounds "11"]
[EventCountry "USA"]
[SourceTitle "EXT 2024"]
[Source "ChessBase"]
[SourceDate "2023.10.10"]
[SourceVersion "1"]
[SourceVersionDate "2023.10.10"]
[SourceQuality "1"]

1. d4 e6 2. c4 Nf6 3. Nf3 b6 4. Nc3 Bb7 5. Bg5 Bb4 6. Nd2 h6 7. Bh4 0-0 8. e4 g5 9. Bg3 Bxc3 10. bxc3 Nxe4 11. Bd3 Nxd2 12. Qxd2 d6 13. h4 f5 14. hxg5 Qxg5 15. Rxh6 Qxd2+ 16. Kxd2 Na6 17. Rxe6 Bxg2 18. Rg6+ Kh7 19. Rg5 Kh6 20. Bf4 Be4 21. Rg2+ 1-0

[Event "Titled Tuesday intern op 01st June"]
[Site "Chess.com INT"]
[Date "2021.06.01"]
[Round "7"]
[White "Disconzi da Silva, Rodrigo"]
[Black "Elgersma, Onno"]
[Result "0-1"]
[WhiteElo "2333"]
[BlackElo "2298"]
[PlyCount "44"]
[EventDate "2021.06.01"]
[EventType "swiss (blitz)"]
[EventRounds "11"]
[EventCountry "USA"]
[SourceTitle "CBM 202 Extra"]
[Source "ChessBase"]
[SourceDate "2021.07.31"]
[SourceVersion "1"]
[SourceVersionDate "2021.07.31"]
[SourceQuality "1"]

1. d4 d5 2. c4 e6 3. Nc3 Nf6 4. Nf3 a6 5. cxd5 exd5 6. Bf4 Bd6 7. Bg3 0-0 8. Qc2 Re8 9. e3 Bg4 10. Bd3 Nc6 11. a3 Bxf3 12. gxf3 Nxd4 13. Qd1 c5 14. Bh4 Be5 15. f4 Bxf4 16. Bxf6 Qxf6 17. Nxd5 Qh4 18. Nxf4 Qxf4 19. Kf1 Rxe3 20. Rg1 Rf3 21. Rg2 Re8 22. Rc1 Rxd3 0-1

[Event "Titled Tuesday intern op 01st June"]
[Site "Chess.com INT"]
[Date "2021.06.01"]
[Round "2"]
[White "Disconzi da Silva, Rodrigo"]
[Black "Turzo, Attila"]
[Result "1-0"]
[WhiteElo "2333"]
[BlackElo "2311"]
[PlyCount "81"]
[EventDate "2021.06.01"]
[EventType "swiss (blitz)"]
[EventRounds "11"]
[EventCountry "USA"]
[SourceTitle "CBM 202 Extra"]
[Source "ChessBase"]
[SourceDate "2021.07.31"]
[SourceVersion "1"]
[SourceVersionDate "2021.07.31"]
[SourceQuality "1"]

1. d4 d5 2. c4 c6 3. e3 Nf6 4. Bd3 a6 5. Nc3 b5 6. c5 e5 7. dxe5 Ng4 8. f4 Bxc5 9. Qe2 Qb6 10. e6 Nxe3 11. exf7+ Kxf7 12. Qh5+ g6 13. Bxg6+ hxg6 14. Qxh8 Nc2+ 15. Kf1 Bf5 16. Nf3 Bf8 17. Ne5+ Ke8 18. Qf6 Ra7 19. Nxd5 Qd4 20. Be3 Nxe3+ 21. Nxe3 Qxe3 22. Re1 Qxe1+ 23. Kxe1 Bb4+ 24. Kd1 Nd7 25. Qxc6 Be7 26. Kc1 Kd8 27. Rd1 Rc7 28. Re1 Rxc6+ 29. Nxc6+ Kc7 30. Nxe7 Bd3 31. Kd2 Bc4 32. Nxg6 Bxa2 33. f5 Nc5 34. g4 Nb3+ 35. Kc3 Na5 36. Ra1 Bf7 37. Rxa5 Be8 38. Rxa6 Kb7 39. Re6 Bc6 40. Rxc6 Kxc6 41. Kb4 1-0

[Event "Titled Tuesday intern op 5th May"]
[Site "Chess.com INT"]
[Date "2020.05.05"]
[Round "7"]
[White "Disconzi da Silva, Rodrigo"]
[Black "Villegas, Pierre"]
[Result "0-1"]
[WhiteElo "2333"]
[BlackElo "2364"]
[PlyCount "72"]
[EventDate "2020.05.05"]
[EventType "swiss (blitz)"]
[EventRounds "10"]
[EventCountry "USA"]
[SourceTitle "EXT 2021"]
[Source "ChessBase"]
[SourceDate "2020.10.23"]
[SourceVersion "1"]
[SourceVersionDate "2020.10.23"]
[SourceQuality "1"]

1. d4 Nf6 2. c4 c5 3. d5 e6 4. Nc3 exd5 5. cxd5 d6 6. Nf3 g6 7. Nd2 Bg7 8. Nc4 0-0 9. e4 b5 10. Nxb5 Nxe4 11. Bd3 Re8 12. 0-0 Ba6 13. a4 Bxb5 14. axb5 Nd7 15. Re1 Nef6 16. Rxe8+ Nxe8 17. Bf4 Nb6 18. Na5 Nxd5 19. Nc6 Qf6 20. Bg3 Qxb2 21. Rxa7 Rxa7 22. Nxa7 Bd4 23. Nc6 Nef6 24. h3 Nc3 25. Qf1 d5 26. Ne5 Nfe4 27. Bf4 Nxf2 28. Kh2 Nce4 29. Nc6 Bf6 30. Be2 c4 31. Be3 c3 32. b6 c2 33. b7 Qxb7 34. Nd4 Qc7+ 35. Kg1 Bxd4 36. Bc1 Qg3 0-1

[Event "Titled Tuesday intern op 5th May"]
[Site "Chess.com INT"]
[Date "2020.05.05"]
[Round "4"]
[White "Duzhakov, Ilya"]
[Black "Disconzi da Silva, Rodrigo"]
[Result "0-1"]
[WhiteElo "2399"]
[BlackElo "2333"]
[PlyCount "64"]
[EventDate "2020.05.05"]
[EventType "swiss (blitz)"]
[EventRounds "10"]
[EventCountry "USA"]
[SourceTitle "EXT 2021"]
[Source "ChessBase"]
[SourceDate "2020.10.23"]
[SourceVersion "1"]
[SourceVersionDate "2020.10.23"]
[SourceQuality "1"]

1. d4 Nf6 2. c4 e6 3. g3 c6 4. Bg2 d5 5. cxd5 exd5 6. Nc3 Be7 7. Nf3 0-0 8. 0-0 Bf5 9. Ne5 Nbd7 10. Nd3 Re8 11. a3 Bd6 12. f3 h6 13. Nf2 Be6 14. e4 dxe4 15. fxe4 Bc4 16. Re1 Bf8 17. b3 Be6 18. Bf4 Nb6 19. Be5 Nfd7 20. Bf4 Nf6 21. h3 a5 22. Qc2 Qxd4 23. Rad1 Qc5 24. Be3 Qxa3 25. Bxb6 Bxb3 26. Qe2 Bxd1 27. Ncxd1 Nd5 28. Bd4 b5 29. Qg4 Qb4 30. exd5 Rxe1+ 31. Kh2 h5 32. Qe4 Rxe4 0-1

[Event "Abu Dhabi Super Blitz op 1st"]
[Site "Chess.com INT"]
[Date "2020.04.15"]
[Round "2"]
[White "Anisimov, Pavel"]
[Black "Disconzi da Silva, Rodrigo"]
[Result "1-0"]
[WhiteElo "2527"]
[BlackElo "2333"]
[PlyCount "69"]
[EventDate "2020.04.15"]
[EventType "swiss (blitz)"]
[EventRounds "11"]
[EventCountry "UAE"]
[SourceTitle "CBM 195 Extra"]
[Source "ChessBase"]
[SourceDate "2020.05.31"]
[SourceVersion "1"]
[SourceVersionDate "2020.05.31"]
[SourceQuality "1"]

1. e4 c5 2. Ne2 e6 3. g3 Nc6 4. Bg2 Nf6 5. 0-0 d6 6. c3 Be7 7. d4 cxd4 8. cxd4 d5 9. e5 Nd7 10. Be3 h6 11. Nbc3 g5 12. f4 b6 13. f5 Nf8 14. a3 Qd7 15. Rc1 Bb7 16. b4 a5 17. b5 Na7 18. Qd3 Bxa3 19. Rb1 Bb4 20. fxe6 fxe6 21. Bf3 0-0-0 22. Bh5 Rh7 23. Na4 Qxb5 24. Qc2+ Kb8 25. Nec3 Qc6 26. Rxf8 Rxf8 27. Qxh7 Bxc3 28. Nxb6 Rd8 29. Na4 Rd7 30. Qh8+ Nc8 31. Nc5 Bb4 32. Nxd7+ Qxd7 33. Qxh6 Qb5 34. Qg6 Qd3 35. Qxd3 1-0

[Event "Titled Tuesday intern op 7th April"]
[Site "Chess.com INT"]
[Date "2020.04.07"]
[Round "5"]
[White "Disconzi da Silva, Rodrigo"]
[Black "Valle Maytin, Luis Enrique"]
[Result "1-0"]
[WhiteElo "2333"]
[BlackElo "2297"]
[PlyCount "120"]
[EventDate "2020.04.07"]
[EventType "swiss (blitz)"]
[EventRounds "10"]
[EventCountry "USA"]
[SourceTitle "EXT 2021"]
[Source "ChessBase"]
[SourceDate "2020.10.23"]
[SourceVersion "1"]
[SourceVersionDate "2020.10.23"]
[SourceQuality "1"]

1. d4 d5 2. c4 c6 3. Nf3 Nf6 4. e3 Bg4 5. h3 Bxf3 6. Qxf3 e6 7. Nc3 Nbd7 8. cxd5 cxd5 9. Bd3 a6 10. 0-0 Bd6 11. Qe2 0-0 12. Bd2 Rc8 13. f4 g6 14. Be1 Qb6 15. Bh4 Rc7 16. Rab1 Rfc8 17. Kh1 Qa7 18. Nd1 Ne4 19. Bxe4 dxe4 20. Be1 f5 21. Nc3 Nf6 22. g4 Nd5 23. gxf5 Nxc3 24. Bxc3 exf5 25. Rg1 b5 26. d5 Rxc3 27. bxc3 Rxc3 28. Rb3 Qc7 29. Qd2 b4 30. Qd4 Rc4 31. Qf6 Be7 32. Qxf5 Rc2 33. Qxe4 Rxa2 34. Qe6+ Kg7 35. Qe5+ Qxe5 36. fxe5 a5 37. d6 Bd8 38. Rf1 Rd2 39. Rf4 g5 40. Rd4 Re2 41. e6 Kf6 42. e7 Bxe7 43. dxe7 Kxe7 44. Rd5 Re1+ 45. Kg2 Ra1 46. Kf3 Kf6 47. Ke4 h5 48. Rb2 Ra3 49. Rf2+ Ke6 50. Rxg5 b3 51. Rxh5 Ra4+ 52. Kd3 Rb4 53. Kc3 Rb6 54. Rh6+ Ke5 55. Rxb6 b2 56. Rbxb2 a4 57. Ra2 Ke4 58. Ra3 Kxe3 59. Rfa2 Ke4 60. Rxa4+ Ke3 1-0

[Event "PRO League Stage"]
[Site "Chess.com INT"]
[Date "2020.01.20"]
[Round "3"]
[White "Disconzi da Silva, Rodrigo"]
[Black "Tari, Aryan"]
[Result "0-1"]
[WhiteElo "2333"]
[BlackElo "2635"]
[PlyCount "70"]
[EventDate "2020.01.06"]
[EventType "team-swiss (rapid)"]
[EventRounds "7"]
[EventCountry "USA"]
[SourceTitle "CBM 194 Extra"]
[Source "ChessBase"]
[SourceDate "2020.03.31"]
[SourceVersion "1"]
[SourceVersionDate "2020.03.31"]
[SourceQuality "1"]
[WhiteTeam "Brazil Capybaras"]
[BlackTeam "Canada ChessBrahs"]
[WhiteTeamCountry "BRA"]
[BlackTeamCountry "CAN"]

1. d4 d5 2. c4 e6 3. Nc3 Bb4 4. e3 Nf6 5. Nf3 0-0 6. Bd3 dxc4 7. Bxc4 c5 8. 0-0 b6 9. Qe2 Bb7 10. Rd1 Bxc3 11. bxc3 Qc7 12. Bd3 Be4 13. Bb2 Qb7 14. Bxe4 Nxe4 15. c4 Nd7 16. d5 exd5 17. Rxd5 Ndf6 18. Rd3 Rae8 19. h3 h6 20. Rad1 b5 21. Rb3 b4 22. Rbd3 a5 23. Ne5 a4 24. Ng4 Re6 25. Rd8 Rxd8 26. Rxd8+ Kh7 27. Qd3 Nxg4 28. hxg4 Rg6 29. Rd7 Qc6 30. Rxf7 Rxg4 31. f3 Rxg2+ 32. Kh1 Rxb2 33. Re7 Qg6 34. Qxe4 Qxe4 35. Rxe4 Rxa2 0-1

[Event "Matinhos Caioba op"]
[Site "Matinhos"]
[Date "2015.08.14"]
[Round "2"]
[White "Disconzi da Silva, Rodrigo"]
[Black "Carstens Dobuchak, Thiago"]
[Result "1-0"]
[WhiteElo "2327"]
[BlackElo "1974"]
[PlyCount "163"]
[EventDate "2015.08.14"]
[EventType "swiss"]
[EventRounds "6"]
[EventCountry "BRA"]
[SourceTitle "EXT 2016"]
[Source "ChessBase"]
[SourceDate "2015.10.08"]
[SourceVersion "1"]
[SourceVersionDate "2015.10.08"]
[SourceQuality "1"]

1. Nf3 g6 2. d4 Nf6 3. c4 Bg7 4. Nc3 0-0 5. g3 d6 6. Bg2 Nbd7 7. 0-0 e5 8. e4 exd4 9. Nxd4 Re8 10. h3 a6 11. a4 Nc5 12. Re1 Nfd7 13. Be3 Ne5 14. b3 Ned3 15. Re2 Nb4 16. Rd2 Qe7 17. Rc1 a5 18. Ndb5 Nca6 19. Nd5 Nxd5 20. cxd5 b6 21. Nd4 Bb7 22. Re2 Nc5 23. f3 Qd7 24. Bf2 Ba6 25. Re3 Rad8 26. Qd2 h5 27. h4 Ra8 28. Kh2 Qe7 29. Nc6 Qf8 30. Rce1 Bb7 31. Nd4 Re7 32. f4 Rae8 33. Nc6 Bxc6 34. dxc6 Kh7 35. Qd5 Qh8 36. R3e2 Na6 37. Qc4 Nb4 38. Bh3 Kg8 39. Bd7 Rd8 40. Rd1 Ra8 41. Red2 Bc3 42. Re2 Bf6 43. Rf1 Qg7 44. Bg1 Rf8 45. Rd1 Rb8 46. Rc1 Rd8 47. Qb5 Qh8 48. Rf1 Rf8 49. Rfe1 Bc3 50. Rc1 Bf6 51. Rd1 Ra8 52. Bf2 Qg7 53. Qc4 Qh8 54. Rde1 Qg7 55. Rf1 Na6 56. Rfe1 Nb4 57. Qb5 Bc3 58. Rb1 Bd4 59. Qc4 Bxf2 60. Rxf2 Na6 61. f5 Re5 62. fxg6 Qxg6 63. Bf5 Qg7 64. Rbf1 Nc5 65. Rf4 Rf8 66. Rg1 Ne6 67. Rf2 Kh8 68. Rgf1 Nc5 69. Qe2 Qh6 70. Qf3 Ne6 71. Qc3 Kg8 72. Rg2 Ng7 73. g4 hxg4 74. Rxg4 Kh8 75. Bd7 f6 76. Rfg1 Rf7 77. R1g2 Kg8 78. Rg6 Qh8 79. Qg3 Kf8 80. Qf4 Ne8 81. Qh6+ Qxh6 82. Rxh6 1-0

[Event "American Continental 11th"]
[Site "Montevideo"]
[Date "2015.05.24"]
[Round "11"]
[White "Disconzi da Silva, Rodrigo"]
[Black "Monteiro, Artur Fernando"]
[Result "1-0"]
[WhiteElo "2339"]
[BlackElo "1972"]
[PlyCount "61"]
[EventDate "2015.05.15"]
[EventType "swiss"]
[EventRounds "11"]
[EventCountry "URU"]
[SourceTitle "CBM 167"]
[Source "ChessBase"]
[SourceDate "2015.07.13"]
[SourceVersion "1"]
[SourceVersionDate "2015.07.13"]
[SourceQuality "1"]

1. c4 Nf6 2. g3 g6 3. Bg2 Bg7 4. Nc3 c5 5. Nf3 0-0 6. d4 cxd4 7. Nxd4 Nc6 8. c5 d5 9. cxd6 Nxd4 10. dxe7 Qxe7 11. Qxd4 Bg4 12. Bg5 Qe6 13. 0-0 h6 14. Be3 Rfd8 15. Qa4 Bh3 16. Rfd1 Bxg2 17. Kxg2 Nd5 18. Nxd5 Rxd5 19. Rxd5 Qxd5+ 20. Kg1 Bxb2 21. Rd1 Qh5 22. Qb3 Qxe2 23. Rd7 Rf8 24. Qxb7 a5 25. Qd5 a4 26. Bc5 Qe6 27. Qxe6 fxe6 28. Bxf8 Kxf8 29. Kf1 Ke8 30. Ra7 a3 31. Ke2 1-0

[Event "American Continental 11th"]
[Site "Montevideo"]
[Date "2015.05.16"]
[Round "2"]
[White "Bachmann, Axel"]
[Black "Disconzi da Silva, Rodrigo"]
[Result "1-0"]
[WhiteElo "2636"]
[BlackElo "2339"]
[PlyCount "73"]
[EventDate "2015.05.15"]
[EventType "swiss"]
[EventRounds "11"]
[EventCountry "URU"]
[SourceTitle "CBM 167"]
[Source "ChessBase"]
[SourceDate "2015.07.13"]
[SourceVersion "1"]
[SourceVersionDate "2015.07.13"]
[SourceQuality "1"]

1. g3 d5 2. Nf3 c6 3. c4 Nf6 4. Bg2 g6 5. 0-0 Bg7 6. d4 0-0 7. b3 Bf5 8. Bb2 Qa5 9. e3 Nbd7 10. Qe2 b5 11. cxd5 cxd5 12. Nc3 b4 13. Na4 Rfc8 14. Rfc1 Ne4 15. Qe1 Qb5 16. Ne5 Nxe5 17. dxe5 Rxc1 18. Rxc1 Rc8 19. Rxc8+ Bxc8 20. h4 Ba6 21. Bd4 Qe2 22. Qxe2 Bxe2 23. f3 Nd2 24. Kf2 Bd3 25. f4 e6 26. Bxa7 Nb1 27. Bf1 Bf5 28. Bc5 Bf8 29. Bxf8 Kxf8 30. Ke1 Na3 31. Kd2 Bb1 32. Bd3 Bxa2 33. Nc5 Nc4+ 34. bxc4 dxc4 35. Be4 c3+ 36. Kc2 Ke7 37. Na6 1-0

[Event "Tres Barras op"]
[Site "Tres Barras"]
[Date "2015.05.10"]
[Round "5"]
[White "Disconzi da Silva, Rodrigo"]
[Black "Leitao, Rafael Duailibe"]
[Result "0-1"]
[WhiteElo "2339"]
[BlackElo "2628"]
[PlyCount "120"]
[EventDate "2015.05.08"]
[EventType "swiss"]
[EventRounds "6"]
[EventCountry "BRA"]
[SourceTitle "EXT 2018"]
[Source "ChessBase"]
[SourceDate "2017.10.13"]
[SourceVersion "1"]
[SourceVersionDate "2017.10.13"]
[SourceQuality "1"]

1. Nf3 Nf6 2. g3 g6 3. Bg2 Bg7 4. 0-0 0-0 5. d4 d6 6. a4 Nbd7 7. a5 c5 8. Nc3 cxd4 9. Nxd4 a6 10. Re1 Ne5 11. Nb3 Rb8 12. e4 b5 13. axb6 Qxb6 14. Be3 Qc7 15. Bd4 e6 16. Na5 Rb4 17. Ne2 Nc4 18. Nxc4 Rxc4 19. b3 Rb4 20. Qd2 Rb8 21. Qc3 Qxc3 22. Nxc3 Bb7 23. e5 Nd7 24. Bxb7 Rxb7 25. f4 dxe5 26. fxe5 Nb8 27. Ne4 Nc6 28. Bb2 Nxe5 29. Bxe5 Bxe5 30. Rxa6 Rc8 31. Re2 Rbc7 32. Ra2 Kg7 33. Nf2 Bd4 34. Kg2 f5 35. Nd3 e5 36. c4 Re8 37. Ra5 g5 38. Rd5 Rce7 39. c5 Bc3 40. c6 Rc8 41. Rd7 Rxd7 42. cxd7 Rd8 43. Nxe5 Kf6 44. Nf3 g4 45. Nh4 Rxd7 46. Rc2 Rd3 47. Rf2 Rd5 48. Kf1 Re5 49. Re2 Rb5 50. Rf2 Bd4 51. Rd2 Bc3 52. Rd8 Bb4 53. Ke2 f4 54. gxf4 Rh5 55. Ng2 Rxh2 56. Kf2 h5 57. Rd5 Rh3 58. Rg5 Bd6 59. Ne3 Rf3+ 60. Ke2 Bxf4 0-1